Technologickosť konštrukcie výrobkov z hľadiska výrobných metód práškovej metalurgie : Bakalárska práca

Gespeichert in:
Bibliographische Detailangaben
1. Verfasser: Belan, Marek (Verfasst von)
Weitere Verfasser: Šuba, Roland, 1974- (xxx)
Format: Manuskript Buch
Sprache:Slowakisch
Veröffentlicht: Trnava : STU v Bratislave MtF KZl, 2003
Schlagworte:
Tags: Tag hinzufügen
Keine Tags, Fügen Sie das erste Tag hinzu!

MARC

LEADER 00000ntm a22000003a 4500
001 stu84133
005 20160719154842.5
008 040219s2003----xo------------------slo-d
040 |a STU  |b slo 
041 0 |a slo 
044 |a xo 
100 1 |a Belan, Marek  |4 aut 
245 1 |a Technologickosť konštrukcie výrobkov z hľadiska výrobných metód práškovej metalurgie :  |b Bakalárska práca 
260 |a Trnava :  |b STU v Bratislave MtF KZl,  |c 2003 
300 |a 63 s 
650 7 |a technológie strojárskej výroby  |2 stusub 
650 7 |a technologickosť konštrukcie  |2 stusub 
650 7 |a metalurgia prášková  |2 stusub 
700 1 |a Šuba, Roland,  |d 1974-  |4 xxx  |u M3000  |U MTF Materiálovotechnologická fakulta  |T MTF Ústav výrobných technológií  |X 4305  |U M3000  |Y 83  |7 A000004305 
996 |b 284M055027  |c M*BP-427  |l MMSKP  |s P  |a 0  |w stu84133_0001